<?xml version="1.0" encoding="UTF-8"?>
<record
    xmlns:xsi="http://www.w3.org/2001/XMLSchema-instance"
    xsi:schemaLocation="http://www.loc.gov/MARC21/slim http://www.loc.gov/standards/marcxml/schema/MARC21slim.xsd"
    xmlns="http://www.loc.gov/MARC21/slim">

  <leader>01188nas0a22002531i 4500</leader>
  <controlfield tag="001">rc\2228690</controlfield>
  <controlfield tag="005">20240728133550.0</controlfield>
  <datafield tag="011" ind1=" " ind2=" ">
    <subfield code="a">0204-3599</subfield>
  </datafield>
  <datafield tag="035" ind1=" " ind2=" ">
    <subfield code="a">(NLR Aleph) 006496002</subfield>
  </datafield>
  <datafield tag="090" ind1=" " ind2=" ">
    <subfield code="a">6181869</subfield>
    <subfield code="c">6181869</subfield>
  </datafield>
  <datafield tag="100" ind1=" " ind2=" ">
    <subfield code="a">20110829b19791995|||y0rusy50      ca</subfield>
  </datafield>
  <datafield tag="101" ind1="0" ind2=" ">
    <subfield code="a">rus</subfield>
  </datafield>
  <datafield tag="102" ind1=" " ind2=" ">
    <subfield code="a">RU</subfield>
  </datafield>
  <datafield tag="110" ind1=" " ind2=" ">
    <subfield code="a">ag         </subfield>
  </datafield>
  <datafield tag="200" ind1="1" ind2=" ">
    <subfield code="a">&#x422;&#x435;&#x445;&#x43D;&#x438;&#x447;&#x435;&#x441;&#x43A;&#x430;&#x44F; &#x44D;&#x43B;&#x435;&#x43A;&#x442;&#x440;&#x43E;&#x434;&#x438;&#x43D;&#x430;&#x43C;&#x438;&#x43A;&#x430;</subfield>
    <subfield code="e">&#x41D;&#x430;&#x443;&#x447;.-&#x43F;&#x440;&#x438;&#x43A;&#x43B;. &#x436;&#x443;&#x440;&#x43D;.</subfield>
    <subfield code="f">&#x410;&#x41D; &#x423;&#x421;&#x421;&#x420;. &#x41E;&#x442;&#x434;-&#x43D;&#x438;&#x435; &#x444;&#x438;&#x437;.-&#x442;&#x435;&#x445;&#x43D;. &#x43F;&#x440;&#x43E;&#x431;&#x43B;. &#x44D;&#x43D;&#x435;&#x440;&#x433;&#x435;&#x442;&#x438;&#x43A;&#x438; &#x410;&#x41D; &#x423;&#x421;&#x421;&#x420;</subfield>
  </datafield>
  <datafield tag="210" ind1=" " ind2=" ">
    <subfield code="a">&#x41A;&#x438;&#x435;&#x432;</subfield>
    <subfield code="c">&#x41D;&#x430;&#x443;&#x43A;. &#x434;&#x443;&#x43C;&#x43A;&#x430;</subfield>
    <subfield code="d">1979-1995</subfield>
  </datafield>
  <datafield tag="311" ind1=" " ind2=" ">
    <subfield code="a">&#x41F;&#x41E;&#x41B;&#x41D;&#x41E;&#x415; &#x41E;&#x41F;&#x418;&#x421;&#x410;&#x41D;&#x418;&#x415; &#x421;&#x41C;.: &#x422;&#x435;&#x445;&#x43D;i&#x447;&#x43D;&#x430; &#x435;&#x43B;&#x435;&#x43A;&#x442;&#x440;&#x43E;&#x434;&#x438;&#x43D;&#x430;&#x43C;i&#x43A;&#x430;</subfield>
  </datafield>
  <datafield tag="440" ind1=" " ind2="0">
    <subfield code="1">001RU\NLR\INFOCOMM18\1000231246</subfield>
    <subfield code="1">2001#$a&#x422;&#x435;&#x445;&#x43D;i&#x447;&#x43D;&#x430; &#x435;&#x43B;&#x435;&#x43A;&#x442;&#x440;&#x43E;&#x434;&#x438;&#x43D;&#x430;&#x43C;i&#x43A;&#x430;</subfield>
    <subfield code="9">4606362</subfield>
    <subfield code="a">&#x41D;&#x430;&#x446;. &#x430;&#x43A;&#x430;&#x434;. &#x43D;&#x430;&#x443;&#x43A; &#x423;&#x43A;&#x440;&#x430;&#xEF;&#x43D;&#x438;. &#x412;i&#x434;&#x434;i&#x43B;&#x435;&#x43D;&#x43D;&#x44F; &#x444;i&#x437;.-&#x442;&#x435;&#x445;&#x43D;. &#x43F;&#x440;&#x43E;&#x431;&#x43B;. &#x435;&#x43D;&#x435;&#x440;&#x433;&#x435;&#x442;&#x438;&#x43A;&#x438;</subfield>
    <subfield code="c">&#x41A;&#x438;&#xEF;&#x432;</subfield>
    <subfield code="d">1979-</subfield>
    <subfield code="n">I&#x43D;-&#x442; &#x435;&#x43B;&#x435;&#x43A;&#x442;&#x440;&#x43E;&#x434;&#x438;&#x43D;&#x430;&#x43C;i&#x43A;&#x438;</subfield>
    <subfield code="o">&#x41D;&#x430;&#x443;&#x43A;.-&#x43F;&#x440;&#x438;&#x43A;&#x43B;. &#x436;&#x443;&#x440;&#x43D;.</subfield>
    <subfield code="t">&#x422;&#x435;&#x445;&#x43D;i&#x447;&#x43D;&#x430; &#x435;&#x43B;&#x435;&#x43A;&#x442;&#x440;&#x43E;&#x434;&#x438;&#x43D;&#x430;&#x43C;i&#x43A;&#x430;</subfield>
    <subfield code="x">0204-3599</subfield>
  </datafield>
  <datafield tag="801" ind1=" " ind2="0">
    <subfield code="a">RU</subfield>
    <subfield code="b">NLR</subfield>
    <subfield code="g">psbo</subfield>
  </datafield>
  <datafield tag="801" ind1=" " ind2="1">
    <subfield code="a">RU</subfield>
    <subfield code="b">ELAR</subfield>
    <subfield code="2">rusmarc</subfield>
  </datafield>
  <datafield tag="852" ind1=" " ind2=" ">
    <subfield code="a">NLR</subfield>
    <subfield code="j">&#x41F;11/3310</subfield>
  </datafield>
  <datafield tag="942" ind1=" " ind2=" ">
    <subfield code="c">JOURNAL</subfield>
  </datafield>
  <datafield tag="980" ind1=" " ind2=" ">
    <subfield code="a">RUSPER</subfield>
  </datafield>
</record>
